00465nam a2200193Ia 4500008004100000020001800041050001400059100002100073245003500094245002100129260001500150260001600165260000900181300001400190300002700204300001000231440002200241500000800263170918s9999 xx 000 0 und d a9780439725262 bB852 1972 aBridwell, Norman aClifford the small red puppy / cNorman Bridwell. aNew York : bScholastic, c1972 aunpaged : bcolored illustration ; c21cm. aBeginner readers. a330